| 000 | 00708nam a22002055i 4500 | ||
|---|---|---|---|
| 001 | 178364 | ||
| 003 | ES-MaACL | ||
| 005 | 20250727001250.0 | ||
| 008 | 110526s1970 sp |||| | spa d | ||
| 080 | _a929 Alejandro Farnesio, Duque de Parma | ||
| 245 | 0 | 3 | _aEl General Farnesio. |
| 260 |
_aMadrid : _bDelblan, _cD. L. 1970. |
||
| 300 |
_a16 p. ; _c16 cm. |
||
| 490 | 1 |
_aMosaico cultural. Los grandes capitanes ; _v16 |
|
| 500 | _aEncuadernado con otros tĂtulos. | ||
| 600 | 1 | 7 |
_aAlejandro Farnesio, _cDuque de Parma- _xBiografĂas _2 _9146738 |
| 830 | 0 |
_aMosaico cultural. Los grandes capitanes ; _v16 _9190913 |
|
| 852 |
_aES-MaACL _jE-15197 (16) _xOlim P-1923 |
||
| 999 |
_c178364 _d178364 |
||